000 00194nam a2200085 4500
001 1254683
005 20251120125200.0
245 _aİÇİMDEKİ HAYAL
_cSHARON M.DRAPER
260 _bTİMAŞ YAYINLARI
999 _c1254683
_d1254683